Encadenamientos Globales y pequeña empresa en Centroamérica /
Gardado en:
| Autor Principal: | |
|---|---|
| Autor Corporativo: | |
| Outros autores: | |
| Formato: | Texto |
| Publicado: |
San José:
FLACSO
|
| Materias: | |
| Etiquetas: |
Engadir etiqueta
Sen Etiquetas, Sexa o primeiro en etiquetar este rexistro!
|
MARC
| LEADER | 00000 a a2200000 04500 | ||
|---|---|---|---|
| 001 | 30941 | ||
| 003 | |||
| 040 | |||
| 020 | |a 9977-68-120-1 | ||
| 090 | |a 194903 |b | ||
| 100 | |a Pérez Sáinz, Juan Pablo | ||
| 110 | |a FLACSO (Costa Rica) | ||
| 245 | |a Encadenamientos Globales y pequeña empresa en Centroamérica / |c Juan Pablo Pérez Sáinz | ||
| 260 | |a San José: |b FLACSO | ||
| 300 | |a 336 p. | ||
| 650 | |a GUATEMALA | ||
| 650 | |a INDUSTRIA TEXTIL | ||
| 650 | |a PEQUEÑAS EMPRESAS | ||
| 650 | |a EMPRESAS MEDIANAS | ||
| 650 | |a PRODUCTIVIDAD | ||
| 650 | |a OPORTUNIDADES DE EMPLEO | ||
| 650 | |a ACCESO A MERCADOS | ||
| 650 | |a INTEGRACION ECONOMICA | ||
| 650 | |a CRECIMIENTO ECONOMICO | ||
| 650 | |a GESTION DE LOS RIESGOS | ||
| 650 | |a CAPITAL SOCIAL | ||
| 650 | |a ORGANIZACION DE LA EMPRESA | ||
| 650 | |a MARCO INSTITUCI | ||
| 700 | |a ed | ||
| 999 | |c 4217 |d 4217 | ||



